[Event "WchT 8th"]
[Site "Ningbo"]
[Date "2011.07.24"]
[Round "7.1"]
[White "Wang, Hao"]
[Black "Karjakin, Sergey"]
[Result "1-0"]
[WhiteElo "2718"]
[BlackElo "2788"]
[Annotator "Marin,M"]
[PlyCount "87"]
[EventDate "2011.07.17"]
[EventType "team-tourn"]
[EventRounds "9"]
[EventCountry "CHN"]
[SourceTitle "CBM 144"]
[Source "ChessBase"]
[SourceDate "2011.09.16"]
[SourceVersion "1"]
[SourceVersionDate "2011.09.16"]
[SourceQuality "1"]
[WhiteTeam "China"]
[BlackTeam "Russia"]
[WhiteTeamCountry "CHN"]
[BlackTeamCountry "RUS"]

1. c4 e5 2. g3 Nf6 3. Bg2 d5 4. cxd5 Nxd5 5. Nf3 Nc6 6. O-O {This move order
is examined to a lesser extent than the normal lines with an early Nc3 and
allows more possibilities for improvising.} Be7 ({For} 6... Nb6 {see the
annotated game Aronian,L (2773)-Shirov,A (2730)/Bilbao 2009/CBM 132/[Marin,M] 
(1-0, 43)}) 7. d4 $5 ({It was not too late for transposing back to the main
lines with} 7. Nc3 Nb6 {, but this was not White's intention in the first
place.}) 7... e4 {The most principled reaction.} (7... exd4 8. Nxd4 Nxd4 9.
Qxd4 {leaves White with the more pleasant position at no cost, see for
instance Lobron,E (2570)-Hertneck,G (2615)/Munich 1994/CBM 042/[Ribli] (1/2,
59)}) 8. Ne5 f5 {The only way to defend the central pawn properly.} (8... Nxe5
9. dxe5 Bf5 {has been played more than once, with Black blundering} 10. Bxe4 $1
Bxe4 11. Qa4+ $16) 9. Nxc6 bxc6 {Black has managed to restrict the g2-bishop
and his knight enjoys stability in the centre. However, his queenside
structure has been seriously damaged. We can state that the position is
strategically very sharp.} 10. Qc2 {A flexible move, which does not discard
White's intentions about developing his minor pieces. It may all depend on the
way Black defends his weak pawn.} (10. Nc3 O-O 11. f3 exf3 12. exf3 {does not
look too appealing for White:} Bf6 13. Re1 Rb8 14. f4 Rb4 15. Nxd5 cxd5 16. Be3
Rxb2 17. Qa4 {White had to struggle to get his pawn back in Carlsen,M (2714)
-Gelfand,B (2736)/Moscow 2007/CBM 122 (1/2, 37)}) ({For} 10. Qa4 {see the
annotated game Topalov,V (2700)-Timman,J (2649)/Wijk aan Zee 1999/CBM 069/
[Ribli] (1-0, 36)}) 10... Qd7 (10... Qd6 11. Nc3 Be6 12. Nxd5 Bxd5 13. Bf4 Qd7
14. f3 exf3 {1/2 Miroshnichenko,E (2651)-Eljanov,P (2712)/Kiev UKR 2011/TWIC
866 (22)} 15. exf3 $1 $146 O-O 16. Be5 $14 {[%cal Gf3f4] /\f4. This obviously
is a largely improved version of this structure compared to Carlsen-Gelfand.
The e5-bishop is very active.}) (10... Nb4 $6 {is a typical blitz game move,
which just exposes the knight.} 11. Qa4 Bd7 12. Nc3 O-O (12... c5 13. Qd1 cxd4
14. Qxd4 $36 Nc2 15. Qxg7 Bf6 16. Qh6 Nxa1 17. Qh5+ Ke7 18. Be3 $16) 13. Bg5 $6
(13. a3 $1 Nd5 14. Qc4 $16 {would win a pawn.}) 13... Bxg5 14. Qxb4 Qe7 15.
Qc4+ Qe6 16. Qxe6+ Bxe6 $13 {Ivanchuk,V (2764)-Shirov,A (2735)/Warsaw 2010,
blitz play-off/CBM 139 Extra (1-0, 28)}) 11. Nc3 {This had been played only
once before.} (11. Bd2 Ba6 (11... Bf6 12. e3 Qe6 13. Nc3 Nb6 14. Rfc1 Bd7 15.
Bf1 $16 {Obukhov,A (2488)-Rozhkov,V (2287)/Salekhard 2006/CBM 115 ext (1-0, 41)
. White has regrouped harmoniously and can enjoy his structural superiority.})
12. Nc3 Bf6 $6 {This is wrong for far from obvious tactical reasons.} (12...
O-O {would have led to similar play to that in the line actually played.}) 13.
Rfd1 ({White could create unexpected problems with} 13. Bh3 $1 {, since} Qe6 {
does not prevent} 14. Nxe4 $3 $18 Qxe4 15. Qxc6+) 13... O-O 14. Be1 Nb6 15.
Rac1 $14 {Ehlvest,J (2588)-Arutunian,D (2427)/Batumi 2002/CBM 090 (1/2, 61). /
= Black is not under immediate pressure, but he has to play carefully in order
to avoid his weaknesses becoming telling.}) 11... O-O 12. Nxd5 $6 {White helps
his opponent to improve his structure, hoping to get some pressure along the
c-file. However, the ulterior course of the game will show that this plan is
not realistic. It is hard to explain why a top player would have such a line
in his repertoire.} (12. f3 $5) (12. Na4 $5) 12... cxd5 13. Bf4 Ba6 {Very
active.} (13... c6 14. Rfc1 Rf6 {or}) (13... Bd6 14. Bxd6 Qxd6 (14... cxd6 15.
f4 $5 {leaves Black without kingside play, while on the queenside he is a pawn
down.}) 15. Rac1 $14 {offers White chances to retain some pressure.}) 14. Rfc1
Rac8 15. e3 $146 {A novelty which does not change anything significantly.} (15.
Qd2 c5 16. dxc5 Bxc5 17. b4 Be7 18. Be5 Bc4 19. e3 Rfe8 20. Bd4 Qa4 $132 {
Burkart,P (2374)-Becking,S (2242)/Germany 1999/GER-chT2 (1-0, 44)}) 15... c5 $1
{Black gets rid of his backward pawn and obtains active play. After the
exchange, White will not be able to block the d-pawn either.} 16. dxc5 Bxc5 17.
Qb3 Bc4 18. Qd1 Qe6 19. Bf1 $6 {This does not force the immediate bishop
exchange and allows Black maintain the tension, rather to his favour.} ({
White would have had better chances to keep the balance even with} 19. b3 Bd3 {
and only now} 20. Bf1) 19... Be7 $1 {Threatening to trap White's "active"
bishop.} 20. h4 Bf6 $15 {Black is better developed and has lots of space.} 21.
Qd2 (21. Bxc4 dxc4 22. Rab1 Rfd8 23. Qa4 h6 24. h5 Qf7 $17 {White is doomed to
absolute inactivity.}) 21... h6 22. h5 Qf7 23. Rc2 Qxh5 $1 (23... Bxf1 24. Rxc8
(24. Rxf1 Rxc2 25. Qxc2 Qxh5 $17) 24... Rxc8 25. Rxf1 Rd8 26. Qa5 Rd7 27. Qb5
Rb7 28. Qc6 Bxb2 29. Rd1 $132) 24. Rac1 Kh7 25. Bg2 Rcd8 26. Bc7 Rde8 27. b3
Bd3 28. Rc5 d4 $40 {White's position is about to crumble, but miracles will
happen in mutual time trouble.} 29. Rd5 Rc8 (29... dxe3 30. Qxe3 a6 $17 {
was a simpler way to keep the extra pawn.}) 30. exd4 Qf7 31. Qa5 Bg5 $2 (31...
e3 $1 32. fxe3 Bg5 33. Re5 Be4 $17) 32. Rcc5 e3 33. f4 $1 {Suddenly, White has
got some activity and also neutralised Black's kingside initiative.} Bf6 34.
Be5 $13 {The bishop gets on to a favourable square finally.} Be7 $6 35. Rd7 Qe8
$2 36. Rxc8 Qxd7 37. Rc7 Qd8 38. d5 Bf6 39. d6 Re8 {White has a dominating
position, but the black e-pawn can be tricky. A gentleman's exchange of
courtesies will follow on the fateful 40th move.} 40. Qd5 $2 (40. Qc3 $1 {
This wins for not too obvious reasons.} e2 (40... Bxe5 41. fxe5 e2 42. Kf2) 41.
Bxf6 $3 (41. Kf2 $2 Qxd6 $1) 41... e1=Q+ 42. Kh2 Qxc3 (42... Qxc7 43. Qxc7 Rg8
44. d7 Qe2 45. d8=Q Qh5+ 46. Bh4 $18) 43. Rxg7+ Kh8 44. Bxc3 Be4 $8 45. Bf1 Bd5
$8 46. Bb5 Rf8 47. Rxa7+ Kg8 48. Rg7+ Kh8 49. Be5 $18) 40... Ba6 $2 (40... e2
$1 {would suddenly turn the tables.} 41. Kf2 Bxe5 42. fxe5 Qg5 43. Qxd3 Rxe5
44. Ke1 Re3 $19 {[%cal Gg5g3]}) 41. Qf7 Rxe5 42. fxe5 e2 43. Kf2 Qb8 {[%cal
Gb8b6]} 44. Bb7 $1 {The only winning move, by the way.} 1-0

[Event "Sinquefield Cup 5th"]
[Site "Saint Louis"]
[Date "2017.08.11"]
[Round "9"]
[White "Svidler, Peter"]
[Black "Caruana, Fabiano"]
[Result "1-0"]
[WhiteElo "2749"]
[BlackElo "2807"]
[Annotator "Marin,M"]
[PlyCount "87"]
[EventDate "2017.08.02"]
[EventType "tourn"]
[EventRounds "9"]
[EventCountry "USA"]
[EventCategory "22"]
[SourceTitle "CBM 180"]
[Source "ChessBase"]
[SourceDate "2017.09.13"]
[SourceVersion "1"]
[SourceVersionDate "2017.09.13"]
[SourceQuality "1"]

1. c4 e5 2. g3 Nf6 3. Bg2 ({It is interesting to compare the line played with
the Keres Variation:} 3. Nc3 c6 4. Nf3 e4 5. Nd4 Qb6 6. Nb3 {Instead of Nc3
White will have Bg2 on board.}) 3... c6 4. Nf3 e4 5. Nd4 Qb6 $5 ({The
classical continuation is} 5... d5 {but recently it was (re-)discovered that}
6. d3 {poses some problems.} (6. cxd5 Qxd5 {offers Black great play.}) 6...
exd3 ({Actually this variation is not new at all:} 6... Bc5 7. Nb3 Bb4+ 8. Bd2
Bxd2+ 9. Qxd2 dxc4 10. dxc4 Qe7 11. Nc3 {Benko,P-Tal,M Curacao 1962 (½-½, 34)
. Strangely it was only after 25 years that White tried this line again and
not until recently did it become popular.}) 7. cxd5 {Ding,L (2773)-Inarkiev,E 
(2727) Moscow 2017 CBM 179 [Roiz,M] (1-0, 87)}) 6. Nb3 a5 {Black immediately
starts the fight against the knight.} (6... d5 7. cxd5 cxd5 8. Nc3 Bf5 9. d3
Bb4 {completely transposes to a line from the Keres System, which is known to
favour White. Here is the most mportant classical game:} 10. O-O Bxc3 11. bxc3
O-O 12. Be3 Qc7 ({The modern interpretaion of the line does not change the
evaluation:} 12... Qa6 13. Nc5 Qc6 14. c4 dxc4 15. Rc1 b5 16. dxc4 b4 17. Qb3
a5 18. a3 bxa3 19. Qxa3 Qc8 20. Rfd1 Re8 21. Na4 $18 {Brodowski,P (2442)-Socko,
B (2621) Gorzow Wielkopolski 2014 (1/2-1/2, 36)}) 13. Rc1 Nc6 14. c4 Rad8 15.
Nd4 Nxd4 16. Bxd4 exd3 17. cxd5 Qd7 18. Bxf6 dxe2 19. Qxe2 gxf6 20. Qb2 Kg7 21.
Qd4 $16 {Reshevsky,S-Keres,P Los Angeles 1963 MCL [Dolmatov] (1-0, 41)}) 7. d3
a4 8. N3d2 d5 (8... Bc5 9. O-O $5 {White's better possibilites for rapid
development prevent Black fro using the weakness of the dark squares.} (9. e3
$6 exd3 10. Nc3 Qa6 $15 {Meier,G (2657)-Baklan,V (2618) Biel 2016 (1/2-1/2, 38)
}) 9... e3 10. fxe3 Bxe3+ 11. Kh1 d6 (11... Ng4 12. Ne4) 12. Nc3 Ng4 13. c5 $1
Qxc5 (13... dxc5 14. Nc4 $18) (13... Bxc5 14. Nxa4 $16) 14. Nce4 Qh5 15. Nxd6+
Kd7 16. h4 Kxd6 (16... Bxd2 17. Nxc8 $16) 17. Nc4+ $14) 9. cxd5 $1 $146 {
It makes sense clearing the path for White's minor pieces.} (9. dxe4 {is
premature, making the c4-pawn look like a weakness.} dxe4 10. e3 (10. Nxe4 Nxe4
11. Bxe4 Bh3 $44) 10... Bg4 11. Qc2 Nbd7 12. Nc3 Bb4 13. Ndxe4 Nxe4 14. Qxe4+
Be6 15. O-O O-O $44 16. Qh4 $6 Ne5 $15 17. Nd5 {?!?!} cxd5 18. cxd5 Bg4 (18...
Bd7 $19) 19. f4 Be2 (19... Nf3+ 20. Bxf3 Bxf3 21. Rxf3 Rfd8 $17) 20. fxe5 Bxf1
21. Bxf1 $15 {Topalov,V (2749)-Caruana,F (2808) Paris (blitz) 2017 (0-1, 35)})
9... exd3 ({The difference is that after} 9... cxd5 {White can safely take the
pawn:} 10. dxe4 dxe4 11. Nxe4 Nxe4 12. Bxe4 Bh3 13. Nc3 $16 {[%cal Gc3d5,Gd5f4]
}) 10. O-O cxd5 (10... dxe2 $2 11. Qxe2+ $18 {offers White a decisive attack.})
11. exd3 {The position is more pleasant for White, as he has pressure on d5
and nice minor piece development, but it is early to speak about an advantage.}
Be7 12. Nc3 Qa5 13. Re1 Nc6 14. b4 $1 {An elegant tactical way of taking over
the queenside initiative.} ({A week later White missed this:} 14. Nf3 $6 O-O
15. Bd2 Qa6 16. Bg5 Be6 $11 17. Ne5 Nxe5 18. Rxe5 h6 19. Bf4 a3 20. Rb1 Bd6 $17
{Navara,D (2737)-Caruana,F (2807) Saint Louis (blitz) 2017 (0-1, 34)}) 14...
axb3 (14... Qxb4 15. Nxd5 Nxd5 16. Bxd5 O-O 17. Rb1 Qc5 18. Be4 Rd8 19. Nc4 $14
{[%csl Gb7][%cal Gc1e3]}) (14... Nxb4 15. Rxe7+ Kxe7 16. Ba3 Kd8 17. Qb1 Na6
18. Nxd5 Nxd5 19. Nc4 $18) 15. Bb2 $1 Qd8 ({If} 15... Bg4 {White has a choice:}
{A simpler way is} 16. Nxb3 (16. Qxb3 {may lead to interesting play, with
chances for both sides:} O-O 17. Qxb7 Rfc8 18. Rxe7 Rab8 19. Nb3 (19. Rxf7 Rxb7
20. Rxb7 Qa6 21. Rxg7+ Kxg7 22. Nxd5 Qxd3 23. Bxf6+ Kf8 24. Nb3 Bf3 25. Nf4 Qd6
$13) 19... Rxb7 (19... Qd8 20. Rxf7 Rxb7 21. Rxb7 $16) 20. Rxb7 Qd8 $13) 16...
Qd8 17. Qd2 O-O 18. h3 Be6 19. Ne2 $14) 16. Qxb3 {A strange decision.} (16.
Nxb3 O-O 17. Nb5 $14 {offers White natural play.}) 16... Be6 $6 ({Even
stranger. Why did he refrain from:} 16... Nd4 17. Qd1 Bg4 18. Qb1 O-O 19. h3 (
19. Nxd5 Ne2+) 19... Be6 $11 20. Nxd5 Nxd5 21. Bxd4 Nb4 22. Nb3 Bxb3 23. axb3
Qxd4 24. Rxa8 Rxa8 25. Rxe7 g6 $44 {[%cal Ga8a1]}) 17. Ne2 $16 {[%cal Ge2f4]
Suddenly Black is under serious pressure.} Bb4 $2 $18 18. Red1 {Too slow to
bother Black.} ({The spectacular} 18. Nf4 $1 {would have more or less won:} O-O
(18... Bxd2 19. Nxe6 fxe6 20. Rxe6+ Kf7 21. Bxf6 gxf6 22. Re2 $18 Ba5 23. Qxb7+
Ne7 24. Rxe7+ Qxe7 25. Bxd5+ Kf8 26. Qxa8+) 19. Rxe6 Bxd2 (19... fxe6 20. Nxe6
$18) 20. Rxf6 gxf6 21. Nxd5 $18) 18... O-O $14 {Black is back in the game now.}
19. Nf4 Bc5 $6 {Hoping to get counterplay against f2 after an exchange on e6,
but exposing the bishop.} (19... Bg4 20. Nf3 $14) 20. Nf3 (20. Rac1 $5) 20...
Bg4 21. Rac1 {White's pressure has again become unbearable.} Bxf3 {Hoping to
get drawing chances with opposite coloured bishops.} 22. Bxf3 Nd4 23. Bxd4 Bxd4
24. Rc2 b6 25. Bxd5 $1 {Without knights Black should be entitled to count on a
draw, but this way he is more or less lost.} Ra7 26. Bf3 Re8 27. Ne2 h5 (27...
Bc5 28. d4 $16) 28. Nxd4 Qxd4 29. Rc4 Qe5 30. a4 Qa5 31. Kg2 Rd8 32. d4 {
The start of the end. White is a pawn up and has regrouped perfectly.} Nd5 33.
Rdc1 g6 34. Rc8 Rad7 35. Qc4 Kg7 36. Rxd8 Rxd8 37. Rb1 Nf6 (37... Nc3 38. Rb4
Rc8 39. Qb3 $18) 38. d5 Ra8 (38... Nxd5 39. Rd1 $18) (38... Ne8 {[%cal Ge8d6]}
39. Qd4+ {[%csl Gb6]}) 39. d6 Ra7 (39... Qxa4 40. Rb4 $18) 40. Rd1 Nd7 41. Bc6
Qc5 42. Qd4+ Qxd4 43. Rxd4 Kf6 44. Re4 1-0

[Event "Baku FIDE GP"]
[Site "Baku"]
[Date "2014.10.02"]
[Round "1"]
[White "Mamedyarov, Shakhriyar"]
[Black "Radjabov, Teimour"]
[Result "1/2-1/2"]
[WhiteElo "2764"]
[BlackElo "2726"]
[Annotator "Marin,M"]
[PlyCount "61"]
[EventDate "2014.10.02"]
[EventType "tourn"]
[EventRounds "11"]
[EventCountry "AZE"]
[EventCategory "21"]
[SourceTitle "CBM 163"]
[Source "ChessBase"]
[SourceDate "2014.11.11"]
[SourceVersion "1"]
[SourceVersionDate "2014.11.11"]
[SourceQuality "1"]

1. c4 e5 2. g3 Nf6 3. Bg2 c6 4. d4 Bb4+ 5. Bd2 Bxd2+ 6. Qxd2 d6 {Black adopts
a Bogo-Indian setup, with the difference that the e-pawn has reached e5
without losing a tempo with ...e7-e6. On the other hand, the Bogo system based
on Bxd2+, ...d6 and ...e6-e5 is not the nost critical.} 7. Nc3 ({Black's king
has little trouble reaching safety after} 7. dxe5 dxe5 8. Qxd8+ Kxd8 9. Nf3 Re8
10. Nc3 Kc7 11. O-O a5 $11 {[%csl Gc5] Tsanas,A (2282)-Postny,E (2641) Porto
Rio 2014 (0-1, 36)}) 7... O-O 8. e3 {This looks White's best chance for
retaining an edge. White prepares Nge2 without obstructing his bishop. The
evaluation of the lines given below has not changed with the passing of
decades, so I will just examine the most recent examples in each case.} (8. e4
Nbd7 9. Nge2 {allows the Old Indian type of plan} a6 10. O-O b5 {, taking
advantage of the fact that there is no pressure along the long diagonal.} 11.
Rfd1 Bb7 12. dxe5 dxe5 13. Bh3 Nb6 14. Qe3 Qc7 15. c5 Nc4 16. Qc1 Bc8 17. Bxc8
Rfxc8 18. b3 Na5 19. Qe3 Rd8 $11 {Meier,G (2623)-Raznikov,D (2481) Warsaw 2013
(1/2-1/2, 44)}) (8. Nf3 {allows Black to gain space in the centre.} e4 9. Ng5
d5 10. cxd5 cxd5 11. f4 Nc6 12. O-O Bf5 {Apicella,M (2540)-Cornette,M (2568)
Caen 2011 (1/2-1/2, 22)}) ({The symmetrical position resulting after} 8. dxe5
dxe5 9. Qxd8 Rxd8 {is quite safe for Black. One important problem for White is
that his bishop is restricted by the c6-pawn.} 10. Nf3 Re8 (10... e4 $5 11. Ng5
e3) 11. O-O Na6 12. Rfd1 Bf5 13. Nd2 Red8 14. Nb3 Rxd1+ 15. Rxd1 Bc2 16. Ra1 $1
{The only way to prevent the exchange on b3 followed by ...Nb4.} (16. Rc1 Bxb3
17. axb3 Nb4) 16... Rc8 (16... Bxb3 $2 17. axb3 {[%cal Gg2c6]} Nb4 18. Ra5 $1
Nd7 19. Bh3 $16) 17. Na5 Rc7 18. a3 $6 ({White could pose more problems to his
opponent by inserting} 18. Rc1 $1 Bf5 {before starting the queenside attack
with} 19. a3) 18... Nc5 19. Rc1 (19. b4 Nb3 20. Nxb3 Bxb3 21. c5 Kf8 $11) 19...
Bb3 20. Bh3 Kf8 $132 {Socko,B (2647)-Kulaots,K (2586) Legnica 2013 (1/2-1/2,
56)}) 8... Be6 9. Rd1 $5 {This is the move I recommended in my English
repertoire book, but in the meanwhile theory has moved ahead.} ({The natural} 
9. b3 {allows the following operation in the centre.} exd4 10. Qxd4 (10. exd4
d5 11. c5 b6 12. cxb6 axb6 13. Nge2 Qd6 14. O-O Nbd7 {Black does not have the
least problem, Dvirnyy,D (2549)-Romanishin,O (2494) Porto San Giorgio 2013 (1/
2-1/2, 26)}) 10... d5 11. cxd5 Nxd5 12. Nge2 ({White's advantage in the
Isolani position is purely symbolical, mainly because of the weakness of his
kingside:} 12. Nxd5 Bxd5 13. Bxd5 cxd5 14. Ne2 Nc6 15. Qd2 Qf6 16. O-O Rfd8 17.
Rfd1 Rac8 18. Rac1 g6 19. Kg2 Qf5 {[%cal Gf5e4] Papin,V (2510)-Vishnu,P (2505)
Chennai 2013 (1/2-1/2, 26)}) 12... Nxc3 13. Qxc3 Nd7 14. O-O Qe7 15. Nd4 {
The position is close to equality, but White's play is easier, Bacrot,E (2721)
-Saric,I (2666) Poikovsky 2014 (1-0, 45)}) 9... Na6 (9... Bxc4 10. dxe5 $16)
10. b3 exd4 11. Qxd4 Nb4 (11... Qa5 12. Qd2 Nc7 13. Nge2 d5 14. cxd5 Ncxd5 15.
Nxd5 Qxd2+ 16. Rxd2 Bxd5 {The same structure as in the last comment, but
without queens.} 17. f3 (17. O-O Bxg2 18. Kxg2 Rfd8 $11 {Reinderman,D (2575)
-Giri,A (2585) Groningen 2009 (1/2-1/2, 22)}) 17... Rad8 18. Kf2 (18. O-O $5)
18... Ng4+ $5 (18... Be6 19. Rhd1 Rxd2 20. Rxd2 Rc8 {[%cal Gg8f8,Gf8e7]}) 19.
fxg4 Bxg2 20. Rxd8 Bxh1 21. Rd1 Bd5 22. Nf4 Be4 23. Rd7 g5 $6 (23... Rb8 24.
Nd3 {[%cal Gd3c5]} Bxd3 25. Rxd3 Kf8 26. Rd7 Ke8 27. Rc7 Rd8 28. Rxb7 Rd2+ 29.
Kf3 Rxa2 $11) 24. Nd3 (24. Nh3 $1 {[%cal Gd7b7,Gh3g5]}) 24... Bxd3 25. Rxd3 f6
26. h4 {1/2-1/2 Ringoir,T (2506)-Romanishin,O (2495) Elgoibar 2013}) 12. Qd2 (
12. Rd2 Qa5 13. Nge2 d5 14. cxd5 Nbxd5 15. O-O Nxc3 16. Qxc3 Qxc3 17. Nxc3 Rfd8
18. Rfd1 Rxd2 19. Rxd2 Kf8 20. e4 Ke7 21. f4 Rd8 22. Rxd8 Kxd8 23. e5 Nd7 24.
Ne4 f6 $11 {Collutiis,D (2486)-De Verdier,M (2375) Bugibba 2012 (1/2-1/2, 35)})
12... Bf5 $1 {This forcing move seems to deprive White of any possibilities to
retain an advantage. He might have to look for a deviation much earlier.} 13.
e4 Re8 14. Nge2 (14. Nce2 {[%csl Gb4,Gf5] wins a piece but makes White fall
behind in development.} Nxe4 15. Qxb4 c5 16. Qxb7 (16. Qa3 Nc3 17. Rc1 Qf6 $40)
16... Qf6 $40) (14. f3 $2 d5 $1 {Zakhartsov}) 14... Nxe4 $1 {Not a proper
piece sacrifice, as Black will retrieve it by force.} 15. Nxe4 Bxe4 16. Bxe4
Rxe4 17. Qxb4 Qe7 18. Rd2 Re8 19. O-O c5 $1 {Removing the pawn from an exposed
square with gain of time.} (19... Rxe2 $6 20. Rxe2 Qxe2 21. Qxb7 {[%csl Gc6]}
c5 $6 {If this is necessary, then Black should have really played it earlier!}
(21... Qxa2 22. Qxc6 Rf8 $14) 22. Qxa7 h5 23. Qd7 Re6 24. a4 $16 {Toth,C (2366)
-Bronstein,L (2355) Rio de Janeiro 2011 (1/2-1/2, 52)}) 20. Qb5 $146 {Not
changing anything.} (20. Qa3 Rxe2 21. Rxe2 Qxe2 22. Qxa7 b5 {Zakhartsov,V 
(2560)-Pijpers,A (2338) Dieren 2013 CBM 156 [Zakhartsov,V] (1/2-1/2, 22)})
20... Rxe2 21. Rxe2 Qxe2 22. Qxb7 Qxa2 23. Qd7 Rf8 24. Qxd6 Qxb3 25. Qxc5 g6
26. Qxa7 Qxc4 27. Qe3 Qe6 28. Qxe6 fxe6 29. Re1 Kf7 30. Kg2 Rd8 31. Re3 1/2-1/2